000 00443nam a22001817a 4500
003 LK-CoDNM
005 20241224123037.0
008 241224b |||||||| |||| 00| 0 eng d
040 _aLK-CoDNM
_dLK-CoDNM
_eLK-CoDNM
041 _aeng
080 _a3
_bE6.a
100 _aFrancts Day,
245 _aThe Fishes Of India ;
260 _c1875
_aLondon
_bBernard Quaritch
300 _a?p. : ill , 27 cm
650 _aScience
942 _cBK
999 _c234108
_d234108